APUSH Period 6: Chapter 18 - Statistics

General Stats
  • This quiz has been taken 11 times
  • The average score is 4 of 20
Answer Stats
Hint Answer % Correct
Civil rights case, a partially black man ordered to leave train and move to colored section, Supreme Court rules in favor of segregation Plessy vs. Ferguson
67%
Idea of "Survival of the Fittest", rich are better due to success Social Darwinism
67%
Introduced the lightbulb + phonograph Thomas Edison
67%
Black women who wanted to expose the evils of lynching, journey publicly against it Ida B. Wells
33%
Founded Sierra Club, wanted to preserve Yosemite Valley John Muir
33%
Sports leagues for blacks Negro Leagues
33%
Southerner who taught self-help focused on industrial education, delivered Atlanta Compromise address Booker T. Washington
22%
Land to be protected by this government organization National Park Service
22%
Dedicated to preserving America's great mountains Sierra Club
22%
Prohibited circulation of info about birth control + sex Comstock Act
11%
Science of human breeding Eugenics
11%
Women's full political, economic, and social equality Feminism
11%
Movement based beliefs on the fundamental truth of the Bible Fundamentalism
11%
Genetically, transmutable traits that allow the strong to survive while the weak die Natural Selection
11%
To picture daily life in the most exact way possible Realism
11%
Renewing religious faith through dedication to justice and social welfare Social Gospel
11%
Intended to show racial progress in South, whites made Washington the prominent speaker for Blacks Atlanta Compromise
0%
Former baseball player who used his fame to become a Protestant preacher, brought evangelism into modern era Billy Sunday
0%
Bitter critic of America's idea of progress, laid way for literature Mark Twain
0%
Human beings aren't rational shapers of their own destiny Naturalism
0%
No matching quizzes found
Score Distribution
Percent of People with Each Score
Percentile by Number Answered
Your Score History
You have not taken this quiz